| 000 | 00892nam a2200253 i 4500 | ||
|---|---|---|---|
| 001 | 124687 | ||
| 003 | ES-MaACL | ||
| 005 | 20230906192456.0 | ||
| 007 | t| | ||
| 008 | 070417s1920 sp ||||1| spa d | ||
| 080 | _a821.111-22"19" | ||
| 100 | 1 |
_aTonson, Franz. _9110587 |
|
| 245 | 1 | 3 |
_aLa señorita del almacén _b: comedia en tres actos y en prosa / _coriginal de Franz Tonson y Ferdinand Wicheler ; traducida por Sinibaldo Gutiérrez. |
| 260 |
_a[Madrid : _bLa Novela Teatral, _c1920] |
||
| 300 |
_a20 h. ; _c20 cm. |
||
| 490 | 1 |
_aLa novela teatral ; _v160 |
|
| 500 | _aEn la cub. caricatura de Lola Saavedra por Tovar. | ||
| 700 | 1 |
_aWicheler, Ferdinand. _9116734 |
|
| 700 | 1 |
_aGutiérrez, Sinibaldo. _961077 |
|
| 700 | 0 |
_aTovar _c, ilustrador. _9157378 |
|
| 830 | 0 |
_aLa novela teatral ; _v160 _9122427 |
|
| 852 |
_aES-MaACL _j2215-F-36 _bR.138756 |
||
| 999 |
_c124687 _d124687 |
||